[Event "Contrecoeur-C"]
[Site "Contrecoeur"]
[Date "2018.11.02"]
[Round "1.5"]
[White "Berlinguet, Etienne"]
[Black "Frechette, Rejean"]
[Result "0-1"]
[WhiteElo "1307"]
[BlackElo "1355"]
[PlyCount "96"]
[EventDate "2018.11.02"]
[EventType "swiss"]
[EventRounds "5"]
[EventCountry "CAN"]
[SourceTitle "EXT 2022"]
[Source "ChessBase"]
[SourceDate "2021.10.06"]
[SourceVersion "1"]
[SourceVersionDate "2021.10.06"]
[SourceQuality "1"]

1. e4 Nf6 2. Nc3 e5 3. Nf3 d6 4. Bc4 Be7 5. 0-0 Bg4 6. h3 Bh5 7. d3 c6 8. g4 Bg6 9. Be3 b5 10. Bb3 a5 11. a4 b4 12. Ne2 Qc8 13. Nh2 h5 14. Ng3 hxg4 15. Nxg4 Rxh3 16. Nxf6+ Bxf6 17. d4 Rh8 18. Qf3 Qh3 19. Qg2 Nd7 20. Qxh3 Rxh3 21. Kg2 Rh7 22. Rad1 Ke7 23. f4 exf4 24. Bxf4 d5 25. exd5 cxd5 26. Rfe1+ Kd8 27. Rd2 Nb6 28. Be5 Bg5 29. Rf1 Bxd2 30. c3 bxc3 31. bxc3 Kd7 32. Rf2 Bg5 33. Bd1 Rah8 34. Bg4+ Kc6 35. Nf1 f6 36. Bg3 Be4+ 37. Bf3 Bd3 38. c4 Nxc4 39. Be2 Bg6 40. Bf3 Bh4 41. Rc2 Bxg3 42. Rxc4+ Kd6 43. Rc5 Be1 44. Rxd5+ Ke6 45. Rb5 Bd3 46. Rb6+ Kd7 47. Rb7+ Kc8 48. Bc6 g6 0-1